• 首页
  • 本馆介绍
  • 公告通知
  • 最新文献
  • 馆藏检索
  • 电子资源
  • 读者荐购
  • 参考咨询
  • CALIS
  • 我的图书馆
  • 登录
  • 详细信息显示
  • 放入我的书架
  • 预约/预借图书
  • 作者相关作品
  • 分类相关作品
  • 丛书相关作品
  • 出版社相关作品

书目信息

  • 表格格式
  • 工作单格式
  • 卡片格式
题名:
Adobe Photoshop 2024经典教程
    
 
作者: 查韦斯 著 ;张海燕 译
分册:  
出版信息: 北京   人民邮电出版社  2025.07
页数: 332页
开本: 26cm
丛书名:
单 册:
中图分类: TP391.413
科图分类:
主题词: 图象处理软件--tu xiang chu li ruan jian--教材
电子资源:
ISBN: 978-7-115-65908-8
 
 
 
 
 
000 01020nam0 2200265 450
001 91815
005 20250817144044.72
010    @a978-7-115-65908-8@dCNY119.90
100    @a20250703d2025 em y0chiy50 ea
101 1  @achi@ceng
102    @aCN@b110000
105    @aa z 000yy
106    @ar
200 1  @aAdobe Photoshop 2024经典教程@AAdobe Photoshop 2024 jing dian jiao cheng@f(美) 康拉德·查韦斯著@g张海燕译
205    @a彩色版
210    @a北京@c人民邮电出版社@d2025.07
215    @a332页@c彩图@d26cm
300    @a数艺社
330    @a本书共15课, 涵盖工作区介绍、照片校正、选区、图层、图像修复、蒙版和图案、文字设计、矢量图绘制、图像合成、混合器画笔工具的用法、视频编辑、CameraRaw、Web图像处理、生成和打印一致的颜色, 以及神经网络滤镜应用等内容。
606 0  @a图象处理软件@Atu xiang chu li ruan jian@j教材
690    @aTP391.413@v5
701  1 @a查韦斯@Acha wei si@g(Chavez, Conrad)@4著
702  0 @a张海燕@Azhang hai yan@4译
801  0 @aCN@c20250909
905    @a河南城建学院图书馆@dTP391.413@eC193@f1
    
    Adobe Photoshop 2024经典教程/(美) 康拉德·查韦斯著/张海燕译.-彩色版.-北京:人民邮电出版社,2025.07
    332页:彩图;26cm
    数艺社
    
    ISBN 978-7-115-65908-8:CNY119.90
    本书共15课, 涵盖工作区介绍、照片校正、选区、图层、图像修复、蒙版和图案、文字设计、矢量图绘制、图像合成、混合器画笔工具的用法、视频编辑、CameraRaw、Web图像处理、生成和打印一致的颜色, 以及神经网络滤镜应用等内容。
●
相关链接 在E读中查询图书 在当当中查询图书 在豆瓣中查询图书


正题名:Adobe Photoshop 2024经典教程     索取号:TP391.413/C193         预约/预借

序号 登录号 条形码 馆藏地/架位号 状态 备注
1 1625779   216257798   自科库301/301自科库 104排2列5层/ [索取号:TP391.413/C193] 在馆    
欢迎您!
大连网信软件有限公司© 版权所有